Java projects / (Record no. 135804)

MARC details
000 -LEADER
fixed length control field 00752nam a22002417a 4500
003 - CONTROL NUMBER IDENTIFIER
control field dpl
005 - DATE AND TIME OF LATEST TRANSACTION
control field 20181103174250.0
008 - FIXED-LENGTH DATA ELEMENTS--GENERAL INFORMATION
fixed length control field 181103b ||||| |||| 00| 0 eng d
010 ## - LIBRARY OF CONGRESS CONTROL NUMBER
LC control number B-163906,B-163926
020 ## - INTERNATIONAL STANDARD BOOK NUMBER
Terms of availability 210.00
International Standard Book Number 8176569771
035 ## - SYSTEM CONTROL NUMBER
System control number B-163906,B-163926
037 ## - SOURCE OF ACQUISITION
Source of stock number/acquisition Cen Lib/Ret
040 ## - CATALOGING SOURCE
Original cataloging agency DPL
Language of cataloging EN
Transcribing agency 0
082 ## - DEWEY DECIMAL CLASSIFICATION NUMBER
Classification number 005.13
Item number JAV
110 ## - MAIN ENTRY--CORPORATE NAME
Corporate name or jurisdiction name as entry element New Delhi.BPB Publications
9 (RLIN) 98530
245 ## - TITLE STATEMENT
Title Java projects /
260 ## - PUBLICATION, DISTRIBUTION, ETC. (IMPRINT)
Place of publication, distribution, etc New Delhi
Name of publisher, distributor, etc BPB Publications
Date of publication, distribution, etc 2006
270 ## - ADDRESS
City New Delhi
Address B-14, Connaught Place
Postal code 110001
300 ## - PHYSICAL DESCRIPTION
Extent vi,486p. :
Dimensions 24cm(pbk)
Other physical details ill.
650 ## - SUBJECT ADDED ENTRY--TOPICAL TERM
Topical term or geographic name as entry element Java (Computer program language)
9 (RLIN) 35090
650 ## - SUBJECT ADDED ENTRY--TOPICAL TERM
Topical term or geographic name as entry element Application software -- Development.
9 (RLIN) 36689
942 ## - ADDED ENTRY ELEMENTS (KOHA)
Source of classification or shelving scheme Dewey Decimal Classification
Koha item type English Books
Classification part 005.13
Call number suffix JAV
Holdings
Withdrawn status Lost status Damaged status Not for loan Collection code Home library Current library Date acquired Source of acquisition Cost, normal purchase price Total Checkouts Full call number Barcode Date last seen Copy number Cost, replacement price Price effective from Koha item type Source of classification or shelving scheme
      Not For Loan Reference Central Library Central Library 08/10/2015 Cen Lib/Ret 210.00   005.13 JAV B-163906 08/10/2015 1 210.00 08/10/2015 English Books  
        Non-fiction Yojana Vihar Yojana Vihar 26/10/2018 BPPD/PUB 210.00   005.13 JAV B-163926 26/10/2018   210.00 26/10/2018 English Books Dewey Decimal Classification

© Delhi Public Library
Hit Counter
free hit counter